Manual de cooperativismo

Saved in:
Bibliografiske detaljer
Hovedforfatter: Tellechea B., Miguel (Author)
Format: Bog
Sprog:spansk
Udgivet: Pátzcuaro OIT 1965
Pátzcuaro CREFAL 1965
Udgivelse:4a. ed
Fag:
Tags: Tilføj Tag
Ingen Tags, Vær først til at tagge denne postø!

MARC

LEADER 00000nam a2200000 a 4500
001 UCT8079
003 CL-VaPUC
008 970317e19650000mx |||||||||||||||||spa|d
082 0 4 |a 334  |b TEL  |2 21 
100 0 |a Tellechea B., Miguel  |e author  |9 379549 
245 1 0 |a Manual de cooperativismo 
250 |a 4a. ed 
300 |a 128 p 
942 |c BK 
945 |d 19970317 00:00:00  |a paguirre 
260 |a Pátzcuaro  |b OIT  |c 1965 
260 |a Pátzcuaro  |b CREFAL  |c 1965 
650 0 |a Cooperativas  |9 319869 
650 0 |a Empresas   |9 255569 
650 7 |a PARTICIPACION DE LOS TRABAJADORES  |2 CL-VaPUC  |9 336879 
650 7 |a SISTEMAS ECONOMICOS  |2 CL-VaPUC  |9 379550 
583 |a last modification  |c 20171130 01:37:09  |k Rodrigo Vera 
999 |c 256611  |d 256609 
952 |0 0  |1 0  |4 0  |6 334_000000000000000_TEL_1965_1965  |7 0  |8 A  |9 279420  |a BIBDER  |b BIBDER  |d 2019-11-19  |i 1812572  |o 334 TEL 1965 1965  |p 1812572  |r 2023-01-25  |w 2019-11-19  |y BK  |k DER